| 000 -LEADER |
| fixed length control field |
01429nam a2200241 4500 |
| 008 - FIXED-LENGTH DATA ELEMENTS--GENERAL INFORMATION |
| fixed length control field |
250527b xxu||||| |||| 00| 0 eng d |
| 040 ## - CATALOGING SOURCE |
| Original cataloging agency |
Cagayan State University |
| Description conventions |
RDA |
| 050 ## - LIBRARY OF CONGRESS CALL NUMBER |
| Classification number |
791.4372 |
| Item number |
S9551 2024 |
| 245 ## - TITLE STATEMENT |
| Title |
Sumala 2024 / directed by Rizal Mantovani; written by Riheam Junianti, Betz Illustration; produced by Luna Maya, Lisbeth Simarmata, Raam Soyara, Rocky Soyara Iman Usman, Vita Yuvita. |
| Statement of responsibility, etc |
directed by Rizal Mantovani; written by Riheam Junianti, Betz Illustration; produced by Luna Maya, Lisbeth Simarmata, Raam Soyara, Rocky Soyara Iman Usman, Vita Yuvita. |
| 260 ## - PUBLICATION, DISTRIBUTION, ETC. (IMPRINT) |
| Place of publication, distribution, etc |
Indonesia |
| Name of publisher, distributor, etc |
Hitmaker Studios |
| Date of publication, distribution, etc |
2024 |
| 300 ## - PHYSICAL DESCRIPTION |
| Extent |
1 videofile, ca. 113 mins. |
| Other physical details |
sound, color. |
| 520 ## - SUMMARY, ETC. |
| Summary, etc |
Unbeknownst to her husband Soedjiman, Sulastri made a pact with the devil so that she could have children. She gave birth to twins, Kumala who survived and Sumala who died, Kumala grew up to be a kind child but physically and mentally disabled, she often received bad treatment from the people around her. One day Sumala came from the world of the dead and made a reckoning with those who had hurt Kumala. |
| 521 ## - TARGET AUDIENCE NOTE |
| Target audience note |
Parent Guide |
| 650 ## - SUBJECT ADDED ENTRY--TOPICAL TERM |
| Topical term or geographic name as entry element |
Horror |
| 650 ## - SUBJECT ADDED ENTRY--TOPICAL TERM |
| Topical term or geographic name as entry element |
Thriller |
| 700 ## - ADDED ENTRY--PERSONAL NAME |
| Personal name |
Luna Maya, star. |
| 700 ## - ADDED ENTRY--PERSONAL NAME |
| Personal name |
Darius Sinathrya, star. |
| 700 ## - ADDED ENTRY--PERSONAL NAME |
| Personal name |
Makayla Rose, star. |
| 700 ## - ADDED ENTRY--PERSONAL NAME |
| Personal name |
Ricky Lionardi, composer. |
| 700 ## - ADDED ENTRY--PERSONAL NAME |
| Personal name |
Enggar Budiono, cinematographer. |
| 700 ## - ADDED ENTRY--PERSONAL NAME |
| Personal name |
Gita Miaji, editor. |
| 942 ## - ADDED ENTRY ELEMENTS (KOHA) |
| Source of classification or shelving scheme |
|
| Item type |
Audio-Visual Materials |